| 000 | 00528nam a2200181 a 4500 | ||
|---|---|---|---|
| 005 | 20210219152919.0 | ||
| 008 | 991125n 000 0 eng u | ||
| 035 | _aUPN01000066958 | ||
| 100 | 1 | _aSmith, Kathleen S | |
| 222 | _aINNOVATIVE HIGHER EDUCATION | ||
| 245 | _aA case study on the successful development of an international teaching assistant | ||
| 300 | _a149-163 | ||
| 362 | 0 | _a1993 Vol. 17, no. 3 | |
| 653 | 0 | _aESTUDIANTE EXTRANJERO | |
| 653 | 0 | _aFORMACION DOCENTE | |
| 904 |
_aAC _b004769 |
||
| 905 | _aArticulo | ||
| 999 |
_c63746 _d63746 |
||